| 000 | 00639nam a2200181 i 4500 | ||
|---|---|---|---|
| 001 | 28414 | ||
| 003 | ES-MaACL | ||
| 005 | 20250815000204.0 | ||
| 007 | t| | ||
| 008 | 030117s1943 sp ||||1| spa d | ||
| 100 | 1 |
_aBainville, Jacques, _d1879-1936 _924735 |
|
| 245 | 1 | 0 |
_aHistoria de Francia / _cJacques Bainville ; traducción del francés por J. Farrán Mayoral. |
| 260 |
_aBarcelona : _bIberia : _bJoaquín Gil, _c[1943] ( _fTalls. Gráfs. A. Núñez) |
||
| 300 |
_a440 p., 32 lám. : _b10 map. ; _c25 cm. |
||
| 700 | 1 |
_aFarrán y Mayoral, J. _948882 |
|
| 852 |
_aES-MaACL _jG-4934 _bR.20469 |
||
| 999 |
_c28414 _d28414 |
||